| 000 | 00380nam a2200145Ia 4500 | ||
|---|---|---|---|
| 008 | 230312s9999||||xx |||||||||||||| ||und|| | ||
| 082 |
_a519 _bCHE |
||
| 100 | _aKhalid Mahmood Cheema | ||
| 245 | 0 | _aIntroduction to Business | |
| 260 |
_bWest Pak _aLahore _c2007 |
||
| 300 | _a242 | ||
| 546 | _aEng. | ||
| 650 |
_aEconomics _vNature of Business , sole proprietorship , |
||
| 942 | _cBK | ||
| 999 |
_c6337 _d6337 |
||